Statistics for Up Vocabulary Words Quiz

Click here to take the quiz!

General Stats

  • This quiz has been taken 31,638 times
    (23,975 since last reset)
  • The average score is 15 of 22

Answer Stats

DefinitionWord% Correct
Small truckPickup
96%
CosmeticsMakeup
95%
AdultGrownup
92%
Movie shot of just the actor's faceCloseup
88%
Go faster, to a horseGiddyup
82%
To transfer data to a serverUpload
82%
Robbery at gunpointHoldup
77%
To pull a plant from the groundUproot
74%
Foot rest for horse-ridersStirrup
69%
MaintenanceUpkeep
65%
Robbery at gunpointStickup
63%
RevoltUprising
63%
Slang for jailLockup
62%
To stuff or cover furnitureUpholster
59%
InspirationalUplifting
59%
Unexpected victory of an underdogUpset
58%
Upward current of airUpdraft
57%
To steal the spotlightUpstage
56%
Repressed, rigid, anxiousUptight
53%
One of the Greek lettersUpsilon
50%
An apartment reached by stairs,
not an elevator
Walkup
47%
Slow pitch thrown with a fastball motionChangeup
37%

Score Distribution

Percentile by Number Answered

Percent of People with Each Score

Your Score History

You have not taken this quiz since the last reset